000 01090nam0a2200349 4500
001 RU\NLR\bibl\405158
005 20250622165437.0
010 _a5-94075-067-2
_9500
021 _aRU
_b2003-15612
_9725
035 _a(NLR Aleph) 000399288
090 _a564868
_c564868
100 _a20030523d2003 |||y0rusy50 ca
101 0 _arus
102 _aRU
105 _aa |||||||||
200 1 _aПраздник 23 Февраля
_e[Сб.
_fРед.-сост. Т. И. Возякова]
210 _aЕкатеринбург
_cВозякова
_d2003
215 _a64 с.
_cил.
_d20
225 1 _aБиблиотека праздников
610 0 _aДень защитников Отечества
610 0 _aПраздники массовые - Сценарии
675 _a791.66
_v3
_zrus
686 _a18.51
_2rugasnti
686 _a85.79
_2rubbk
686 _aЩ345.9
702 1 _aВозякова
_bТ. И.
_4220
801 0 _aRU
_bRKP
_c20030523
_gPSBO
801 1 _aRU
_bRKP
_c20030523
801 2 _aRU
_bNLR
_c20030715
_grcr
942 _cBOOK
980 _aNB